000 00957cab a2200229 4500
001 ABS39840
008 090401t1988 xxu||||| |||| 00| 0 eng d
035 _a(Sirsi) u19307
041 _aeng
245 _a1992: More threat than opportunity ? says survey
260 _c1988
350 _a0
490 _aBuilding Technology & Management
_v26(5) October/November 1988, 15-16(2)
520 _aReviews the findings of a survey carried out by Industrial Market Research Ltd on the UK construction industry . The survey concludes that unless UK companies are prepared to invest to the same extent as their French counterparts, they will find that 1992 becomes more of a threat than an opportunity to expand in business. (Available on loan from the Library).
650 _aFRANCE
650 _aSINGLE MARKET
650 _aTOUCHE ROSS
650 _aFEDERAL REPUBLIC OF GERMANY
690 _aEUROPE-SINGLE MARKET
942 _n0
948 _c04/03/1997
999 _c12876
_d12876